Loading...
| Science - Biology | 1 | 3 | 0 | 1 | 45 | 54 | 97.00 | 3 | 4 | 0.00 | 0.00 |
| Science - Chemistry | 0 | 4 | 2 | 1 | 30 | 71 | 97.00 | 3 | 4 | 0.00 | 0.00 |
| History - European | 1 | 1 | 0 | 1 | 25 | 62 | 99.50 | 1 | 2 | 0.00 | 0.00 |
| Geography | 1 | 1 | 0 | 0 | 25 | 53 | 62.50 | 1 | 2 | 0.00 | 0.00 |
| Science - Other | 0 | 2 | 0 | 0 | 20 | 96 | 119.00 | 0 | 2 | 0.00 | 0.00 |
| History - World | 0 | 2 | 0 | 1 | 20 | 144 | 147.50 | 2 | 2 | 0.00 | 0.00 |
| Other Academic | 0 | 2 | 0 | 0 | 20 | 95 | 114.50 | 2 | 2 | 0.00 | 0.00 |
| Current Events | 1 | 0 | 0 | 0 | 15 | 44 | 44.00 | 0 | 1 | 0.00 | 0.00 |
| History - Other | 1 | 0 | 0 | 0 | 15 | 51 | 51.00 | 1 | 1 | 0.00 | 0.00 |
| Short Fiction and Other | 0 | 1 | 0 | 0 | 10 | 127 | 127.00 | 1 | 1 | 0.00 | 0.00 |
| Fine Arts - Other | 0 | 1 | 0 | 1 | 10 | 160 | 160.00 | 0 | 1 | 0.00 | 0.00 |
| Fine Arts - Painting and Sculpture | 0 | 1 | 0 | 1 | 10 | 130 | 130.00 | 0 | 1 | 0.00 | 0.00 |
| Literature - Poetry | 0 | 1 | 0 | 0 | 10 | 125 | 125.00 | 1 | 1 | 0.00 | 0.00 |
| Mythology | 0 | 1 | 0 | 0 | 10 | 134 | 134.00 | 0 | 1 | 0.00 | 0.00 |
| Science - Physics | 0 | 2 | 2 | 0 | 10 | 111 | 119.50 | 0 | 2 | 0.00 | 0.00 |
| Literature - Drama | 0 | 1 | 1 | 0 | 5 | 113 | 113.00 | 1 | 1 | 0.00 | 0.00 |
| Fine Arts - Classical Music | 0 | 0 | 0 | 0 | 0 | 0.00 | 0 | 0 | 0.00 | 0.00 | |
| Literature - Long Fiction | 0 | 0 | 0 | 0 | 0 | 0.00 | 0 | 0 | 0.00 | 0.00 |